| 000 | 00000nas 2200000za 4500 |
| 001 | 9.865125 |
| 003 | CaOODSP |
| 005 | 20250529102942 |
| 007 | cr ||||||||||| |
| 008 | 181123d19791990oncmr p|o||||f0 |0eng| |
| 040 | |aCaOODSP|beng |
| 041 | |aeng |
| 041 | |afre |
| 043 | |an-cn--- |
| 086 | 1 |aH12-23-2-PDF |
| 245 | 00|aMonthly statistics, income security programs |h[electronic resource] = |bStatistiques mensuelles, programmes de la sécurité du revenue. |
| 246 | 11|aStatistiques menseulles, programmes de la sécurité du revenue. |
| 260 | |aOttawa : |bHealth and Welfare Canada = Santé et bien-être social Canada, |c1979-1990. |
| 310 | |aMonthly. |
| 362 | 1 |aVol. 11, no 1, march 1979 - Dec. 1990. |
| 500 | |a"Canada Pension Plan, Family Allowances, Old Age Security Pension, Guaranteed Income Supplement, Spouse's Allowances". |
| 546 | |aText in English and French. |
| 710 | 1 |aCanada. |bHealth and Welfare Canada. |
| 780 | 00|tCanada Pension Plan statistical bulletin |w(CaOODSP)9.865525 |
| 785 | 00|tIncome security programs, monthly statistics |w(CaOODSP)9.864998 |
| 792 | |tMonthly statistics, income security programs |efre|w(CaOODSP)9.865128 |